000 00773nam a22002175i 4500
001 159903
003 ES-MaACL
005 20250627063653.0
008 040928s1847 fr |||| | fre d
040 _aCAM
_bspa
_cCAM
100 1 _aMolinari, Gustave de,
_d1819-1912
_9130029
245 1 4 _aLes céréales /
_cpar Gustave de Molinari.
260 _aParis :
_bLibrairie de Guillaumin,
_c1847 (
_fImprimé par Plon frères)
300 _a75 p. ;
_c23 cm.
490 1 _aHistoire du tarif ;
_v2
650 4 _aCereales-
_xComercio.
_9135751
830 0 _aHistoire du tarif ;
_v2
_9222000
852 _aES-MaACL
_jT-1283-F-10
_z-- Enc. hol. conservando la cub. original
_z-- Donativo Bosch
_z-- Enc. en un vol. facticio
942 _2udc
999 _c159903
_d159903